[Event "19. Open de la Constitución 2017"]
[Site "San Sebastian de los Reyes ES"]
[Date "2017.12.04"]
[Round "3.21"]
[White "Murillo Paz, Pedro P"]
[Black "Perez Cameselle, Francisco Jose"]
[Result "0-1"]
[WhiteElo "1427"]
[BlackElo "1755"]
[PlyCount "114"]
[EventDate "2017.12.02"]
[EventType "swiss"]
[EventRounds "9"]
[EventCountry "ESP"]
[SourceTitle "Ajedrez en Madrid"]
[Source "lmi"]
[SourceDate "2017.12.02"]
[SourceVersion "1"]
[SourceVersionDate "2017.12.16"]
[SourceQuality "1"]

1. e4 e5 2. Nf3 Nc6 3. Nc3 Nf6 4. d4 exd4 5. Nxd4 Bc5 6. Nxc6 bxc6 7. Bc4 O-O
8. Bg5 h6 9. Bxf6 Qxf6 10. Qe2 d6 11. O-O Re8 12. Qd3 Bg4 13. Rab1 Bh5 14. Na4
Bb6 15. Nxb6 cxb6 16. Rfe1 Rad8 17. Qg3 Bg6 18. Bd3 Re7 19. e5 dxe5 20. Bxg6
Qxg6 21. Qxg6 fxg6 22. Rbd1 Red7 23. Rxd7 Rxd7 24. Rc1 Kf7 25. Kf1 Rd4 26. Ke2
Rh4 27. h3 Rb4 28. b3 Rd4 29. Ke3 Ke6 30. f4 Rxf4 31. Rd1 Rf7 32. Rd8 Rd7 33.
Re8+ Kf5 34. g4+ Kg5 35. Rxe5+ Kh4 36. Re6 c5 37. Rxg6 Kxh3 38. c3 Kh4 39. a4
h5 40. gxh5 Kxh5 41. Rg1 g5 42. Ke4 g4 43. Rh1+ Kg5 44. Rh8 Re7+ 45. Kd5 g3 46.
Rg8+ Kf4 47. Kd6 Re3 48. a5 Rxc3 49. axb6 axb6 50. Rf8+ Ke3 51. Rg8 Kf2 52.
Rf8+ Rf3 53. Rxf3+ Kxf3 54. Kc6 g2 55. Kxb6 g1=Q 56. Kb5 Ke4 57. Kc4 Qd4+ 0-1

[Event "19. Open de la Constitución 2017"]
[Site "San Sebastian de los Reyes ES"]
[Date "2017.12.04"]
[Round "3.23"]
[White "Alfaya Martinez, Enrique"]
[Black "Martin Rodriguez, Jose Luis"]
[Result "1-0"]
[WhiteElo "1613"]
[BlackElo "1293"]
[PlyCount "69"]
[EventDate "2017.12.02"]
[EventType "swiss"]
[EventRounds "9"]
[EventCountry "ESP"]
[SourceTitle "Ajedrez en Madrid"]
[Source "lmi"]
[SourceDate "2017.12.02"]
[SourceVersion "1"]
[SourceVersionDate "2017.12.16"]
[SourceQuality "1"]

1. d4 Nf6 2. Nf3 e6 3. Bf4 d5 4. e3 Bd6 5. Bg3 c5 6. c3 c4 7. Ne5 Nc6 8. Be2
Ne4 9. Bf4 Nxe5 10. dxe5 Be7 11. O-O g5 12. Bg3 Kd7 13. Qa4+ Kc7 14. Bxc4 Nc5
15. Qc2 dxc4 16. Na3 Qd3 17. Qc1 Qg6 18. Nxc4 Ne4 19. a4 Nxg3 20. hxg3 Qe4 21.
b3 Bd7 22. Rd1 Bc6 23. f3 Qg6 24. b4 b6 25. b5 Bd5 26. Nd6 Rad8 27. c4 Ba8 28.
c5 Kb8 29. c6 Kc7 30. Qd2 Qg7 31. a5 Qf8 32. axb6+ axb6 33. Ra7+ Kb8 34. Qa2
Bxd6 35. Rxa8+ 1-0

[Event "19. Open de la Constitución 2017"]
[Site "San Sebastian de los Reyes ES"]
[Date "2017.12.04"]
[Round "3.24"]
[White "Unciti Juan, Javier"]
[Black "Stefanescu, Iulian"]
[Result "1-0"]
[WhiteElo "2037"]
[BlackElo "1721"]
[PlyCount "87"]
[EventDate "2017.12.02"]
[EventType "swiss"]
[EventRounds "9"]
[EventCountry "ESP"]
[SourceTitle "Ajedrez en Madrid"]
[Source "lmi"]
[SourceDate "2017.12.02"]
[SourceVersion "1"]
[SourceVersionDate "2017.12.16"]
[SourceQuality "1"]

1. e4 b6 2. d4 Bb7 3. Bd3 e6 4. Nf3 h6 5. O-O Nf6 6. e5 Nh7 7. Bf4 Ng5 8. Nxg5
hxg5 9. Bg3 c5 10. c3 Be7 11. Nd2 Nc6 12. dxc5 Bxc5 13. b4 Be7 14. Qe2 d5 15.
exd6 Bxd6 16. Nc4 Bc7 17. Rad1 Qe7 18. Be4 Bxg3 19. fxg3 O-O 20. Nd6 Nd8 21.
Nxb7 Nxb7 22. Qa6 Nd6 23. Bxa8 Rxa8 24. Qd3 Nf5 25. g4 Nh4 26. Qd7 Qf8 27. Rd6
a5 28. Rxe6 axb4 29. Re7 f6 30. cxb4 Ng6 31. Rxg7+ Qxg7 32. Qd5+ Kh7 33. Qxa8
Qe7 34. a3 Nf4 35. Qf3 Kg7 36. g3 Ng6 37. Rd1 Ne5 38. Qe4 Qc7 39. Kg2 Qc3 40.
a4 Qb3 41. Rc1 Nf7 42. Rc7 Qa2+ 43. Kh3 Qf2 44. Qc4 1-0

[Event "19. Open de la Constitución 2017"]
[Site "San Sebastian de los Reyes ES"]
[Date "2017.12.04"]
[Round "3.25"]
[White "Alvarez Gonzalez, Eduardo"]
[Black "Yaniz Lana, Francisco Javier"]
[Result "1-0"]
[WhiteElo "1789"]
[BlackElo "1570"]
[PlyCount "67"]
[EventDate "2017.12.02"]
[EventType "swiss"]
[EventRounds "9"]
[EventCountry "ESP"]
[SourceTitle "Ajedrez en Madrid"]
[Source "lmi"]
[SourceDate "2017.12.02"]
[SourceVersion "1"]
[SourceVersionDate "2017.12.16"]
[SourceQuality "1"]

1. d4 d5 2. Nf3 Nf6 3. c4 c6 4. Nc3 dxc4 5. a4 Bf5 6. e3 e6 7. Bxc4 Bb4 8. Bd2
O-O 9. O-O Nbd7 10. Qb3 Bxc3 11. Bxc3 Nb6 12. Be2 Qb8 13. Rac1 Ng4 14. h3 Nf6
15. Ne5 Be4 16. Bf3 Bxf3 17. Nxf3 Nbd5 18. Ne5 Nxc3 19. Rxc3 Rd8 20. Rfc1 Nd5
21. Rc5 f6 22. Nd3 Kf7 23. Qa2 Qd6 24. b4 a6 25. Qb3 Ke7 26. b5 axb5 27. axb5
Ra5 28. bxc6 Rxc5 29. Qxb7+ Kf8 30. Nxc5 Nc7 31. Ra1 Re8 32. Ra7 Re7 33. Nd7+
Rxd7 34. cxd7 1-0

[Event "19. Open de la Constitución 2017"]
[Site "San Sebastian de los Reyes ES"]
[Date "2017.12.04"]
[Round "3.26"]
[White "Rodriguez Garcia, Alberto"]
[Black "Garcia Minguez, Antonio"]
[Result "1-0"]
[WhiteElo "1727"]
[BlackElo "1520"]
[PlyCount "75"]
[EventDate "2017.12.02"]
[EventType "swiss"]
[EventRounds "9"]
[EventCountry "ESP"]
[SourceTitle "Ajedrez en Madrid"]
[Source "lmi"]
[SourceDate "2017.12.02"]
[SourceVersion "1"]
[SourceVersionDate "2017.12.16"]
[SourceQuality "1"]

1. d4 d5 2. c4 e6 3. Nc3 Nf6 4. Nf3 c6 5. e3 Bd6 6. Bd3 O-O 7. e4 dxe4 8. Nxe4
Nxe4 9. Bxe4 Nd7 10. O-O Nf6 11. Bc2 h6 12. Be3 Qc7 13. h3 Bf4 14. Qd2 Bxe3 15.
fxe3 Rd8 16. Qf2 b6 17. Ne5 c5 18. Qh4 Rf8 19. Rxf6 gxf6 20. Qxf6 cxd4 21. Rf1
Qd8 22. Qxh6 f5 23. Ng6 Qf6 24. Qxf8+ Qxf8 25. Nxf8 Kxf8 26. exd4 Bb7 27. g4
Rd8 28. Rf4 Ke7 29. gxf5 Rg8+ 30. Rg4 Rh8 31. Rg7+ Kf6 32. Rxb7 exf5 33. d5
Rxh3 34. d6 Rh8 35. d7 Rd8 36. Rxa7 f4 37. Ba4 Ke5 38. Rc7 1-0

[Event "19. Open de la Constitución 2017"]
[Site "San Sebastian de los Reyes ES"]
[Date "2017.12.04"]
[Round "3.27"]
[White "Martinez Miura, Enrique"]
[Black "Ojosnegros Martin, Angel"]
[Result "1-0"]
[WhiteElo "1643"]
[BlackElo "1519"]
[PlyCount "79"]
[EventDate "2017.12.02"]
[EventType "swiss"]
[EventRounds "9"]
[EventCountry "ESP"]
[SourceTitle "Ajedrez en Madrid"]
[Source "lmi"]
[SourceDate "2017.12.02"]
[SourceVersion "1"]
[SourceVersionDate "2017.12.16"]
[SourceQuality "1"]

1. e4 e5 2. Nf3 Nc6 3. Bb5 Bc5 4. O-O Nge7 5. c3 Bb6 6. d4 exd4 7. cxd4 d5 8.
e5 Bg4 9. Be3 O-O 10. Be2 Nf5 11. Nc3 Re8 12. Qd2 Qd7 13. h3 Bxf3 14. Bxf3 Bxd4
15. Bxd4 Ncxd4 16. Bg4 c5 17. Rfe1 Rad8 18. Rad1 g6 19. Qg5 Qc7 20. Bxf5 Nxf5
21. Nxd5 Rxd5 22. Rxd5 Nd4 23. Qf6 Qa5 24. Rd1 Qxa2 25. Rxc5 Qxb2 26. Kh2 Nc6
27. Rd7 Nxe5 28. Rxf7 Nd3 29. Qxb2 Nxb2 30. Rcc7 a5 31. Rg7+ Kh8 32. Rxh7+ Kg8
33. Rcg7+ Kf8 34. Rxb7 Kg8 35. Rhg7+ Kh8 36. Rxg6 Re2 37. Rb5 Kh7 38. Rg4 Kh6
39. f4 a4 40. Rbg5 1-0

[Event "19. Open de la Constitución 2017"]
[Site "San Sebastian de los Reyes ES"]
[Date "2017.12.04"]
[Round "3.28"]
[White "Mehalingam, Karunanithi"]
[Black "Criado Jimenez, Jose"]
[Result "0-1"]
[WhiteElo "1490"]
[BlackElo "1615"]
[PlyCount "40"]
[EventDate "2017.12.02"]
[EventType "swiss"]
[EventRounds "9"]
[EventCountry "ESP"]
[SourceTitle "Ajedrez en Madrid"]
[Source "lmi"]
[SourceDate "2017.12.02"]
[SourceVersion "1"]
[SourceVersionDate "2017.12.16"]
[SourceQuality "1"]

1. d4 Nf6 2. c4 e6 3. Nc3 d5 4. cxd5 exd5 5. g3 c6 6. Bg2 Bf5 7. Nf3 h6 8. O-O
Bd6 9. Re1 O-O 10. a3 Re8 11. Bd2 Nbd7 12. b4 a6 13. Qc1 Bh7 14. Bh3 Ne4 15.
Nxe4 Rxe4 16. Bxh6 gxh6 17. Qxh6 Bf8 18. Qg5+ Bg7 19. Rad1 Nb6 20. Ne5 Qxg5 0-1

[Event "19. Open de la Constitución 2017"]
[Site "San Sebastian de los Reyes ES"]
[Date "2017.12.04"]
[Round "3.29"]
[White "Lozano Hernanz, Rodrigo"]
[Black "Vazquez Rodriguez, Francisco"]
[Result "0-1"]
[WhiteElo "1242"]
[BlackElo "1585"]
[PlyCount "108"]
[EventDate "2017.12.02"]
[EventType "swiss"]
[EventRounds "9"]
[EventCountry "ESP"]
[SourceTitle "Ajedrez en Madrid"]
[Source "lmi"]
[SourceDate "2017.12.02"]
[SourceVersion "1"]
[SourceVersionDate "2017.12.16"]
[SourceQuality "1"]

1. e4 c5 2. Nf3 d6 3. Nc3 Nc6 4. Bc4 Nf6 5. h3 g6 6. d3 Bg7 7. Bf4 Bd7 8. Qe2
O-O 9. O-O a6 10. a3 Rc8 11. Rab1 b5 12. Ba2 Re8 13. Rfe1 e5 14. Bg5 Qc7 15.
Qd2 Nd4 16. Nxd4 cxd4 17. Ne2 Qxc2 18. Qxc2 Rxc2 19. Bb3 Rcc8 20. Rbc1 h6 21.
Bd2 Be6 22. Bxe6 fxe6 23. Bb4 d5 24. f3 dxe4 25. fxe4 Nh5 26. Bd2 g5 27. g4 Nf4
28. Nxf4 exf4 29. Re2 Rxc1+ 30. Bxc1 Rc8 31. Re1 Rc2 32. b4 e5 33. Rd1 Rc3 34.
Bb2 Rc2 35. Bc1 Kh7 36. Bd2 Ra2 37. Bc1 Kg6 38. Kf1 Rh2 39. Kg1 Rxh3 40. Kg2
Rg3+ 41. Kf2 Rxg4 42. Rg1 Rxg1 43. Kxg1 h5 44. Bd2 g4 45. Be1 Kg5 46. Kg2 h4
47. Kg1 g3 48. Bxg3 fxg3 49. Kg2 Kf4 50. Kg1 Ke3 51. Kg2 Kxd3 52. Kf1 Ke3 53.
Kg1 Kf3 54. Kf1 d3 0-1

[Event "19. Open de la Constitución 2017"]
[Site "San Sebastian de los Reyes ES"]
[Date "2017.12.04"]
[Round "3.30"]
[White "Busto Alvarez, Francisco"]
[Black "Garcia Lopez, Fernando"]
[Result "0-1"]
[WhiteElo "1200"]
[BlackElo "1573"]
[PlyCount "116"]
[EventDate "2017.12.02"]
[EventType "swiss"]
[EventRounds "9"]
[EventCountry "ESP"]
[SourceTitle "Ajedrez en Madrid"]
[Source "lmi"]
[SourceDate "2017.12.02"]
[SourceVersion "1"]
[SourceVersionDate "2017.12.16"]
[SourceQuality "1"]

1. e4 e5 2. Nf3 Nc6 3. Bb5 a6 4. Ba4 Nf6 5. O-O Be7 6. c3 b5 7. Bb3 d6 8. Re1
O-O 9. d4 Bg4 10. d5 Na5 11. h3 Bh5 12. Qd3 Nxb3 13. axb3 Qc8 14. Nh2 c5 15. g4
Bg6 16. Nd2 Bd8 17. c4 b4 18. f3 Nd7 19. Ndf1 a5 20. f4 exf4 21. Bxf4 Bc7 22.
Ng3 Re8 23. Nf5 Ne5 24. Bxe5 Rxe5 25. Nf3 Re8 26. N3h4 Bxf5 27. exf5 Rxe1+ 28.
Rxe1 Qd8 29. Nf3 Qf6 30. Qe3 Kf8 31. Re2 Qd8 32. Ng5 Kg8 33. h4 h6 34. Nf3 Qd7
35. Qf4 Re8 36. Rxe8+ Qxe8 37. g5 hxg5 38. hxg5 Qe2 39. g6 Qd1+ 40. Kg2 Qc2+
41. Kg3 fxg6 42. fxg6 Qxg6+ 43. Ng5 Bd8 44. Kg4 Bxg5 45. Qxg5 Kf7 46. Kf4 Qxg5+
47. Kxg5 g6 48. Kf4 Kf6 49. Kg3 Kg5 50. Kf3 Kf5 51. Kf2 Kf4 52. Ke2 g5 53. Kf2
g4 54. Kf1 Kf3 55. Kg1 Kg3 56. Kh1 Kf2 57. Kh2 g3+ 58. Kh1 g2+ 0-1

[Event "19. Open de la Constitución 2017"]
[Site "San Sebastian de los Reyes ES"]
[Date "2017.12.04"]
[Round "3.31"]
[White "Quintero Cuervo, Edgar"]
[Black "Gonzalez Morente, Jose A"]
[Result "1-0"]
[WhiteElo "1566"]
[BlackElo "1453"]
[PlyCount "111"]
[EventDate "2017.12.02"]
[EventType "swiss"]
[EventRounds "9"]
[EventCountry "ESP"]
[SourceTitle "Ajedrez en Madrid"]
[Source "lmi"]
[SourceDate "2017.12.02"]
[SourceVersion "1"]
[SourceVersionDate "2017.12.16"]
[SourceQuality "1"]

1. d4 d5 2. c4 e6 3. Nc3 Nf6 4. Bg5 Be7 5. Nf3 O-O 6. e3 h6 7. Bh4 Nbd7 8. cxd5
exd5 9. Rc1 c6 10. Bd3 Re8 11. O-O Nf8 12. a3 Bg4 13. h3 Bh5 14. Nb1 Ne4 15.
Bxe7 Qxe7 16. Rc2 Ne6 17. Nbd2 N6g5 18. Be2 Nxd2 19. Rxd2 Ne4 20. Rc2 Bg6 21.
b4 Rac8 22. Ne5 Bh7 23. Bh5 Nd6 24. Be2 Bxc2 25. Qxc2 Ne4 26. Bd3 a5 27. bxa5
Qxa3 28. Bxe4 dxe4 29. Nc4 Qe7 30. Qb3 Rc7 31. Rc1 Qe6 32. Qb6 Ree7 33. Nd2 f5
34. Nb3 Qc8 35. Nc5 Kh7 36. g3 g5 37. Kg2 h5 38. Qb3 h4 39. Qc4 Qg8 40. Qe2 Kg6
41. g4 f4 42. exf4 gxf4 43. Nxe4 Qd5 44. f3 Qxd4 45. Rd1 Qe3 46. Rd6+ Kf7 47.
Qa2+ Kf8 48. Rf6+ Rf7 49. Rh6 Rh7 50. Rf6+ Rcf7 51. Re6 Re7 52. Rf6+ Ref7 53.
Re6 c5 54. Ng5 Qe1 55. Nxh7+ Rxh7 56. Rxe1 1-0

[Event "19. Open de la Constitución 2017"]
[Site "San Sebastian de los Reyes ES"]
[Date "2017.12.05"]
[Round "4.1"]
[White "Elissalt Cardenas, Hector"]
[Black "Martin Duque, Jesus"]
[Result "1/2-1/2"]
[WhiteElo "2339"]
[BlackElo "2376"]
[PlyCount "87"]
[EventDate "2017.12.02"]
[EventType "swiss"]
[EventRounds "9"]
[EventCountry "ESP"]
[SourceTitle "Ajedrez en Madrid"]
[Source "lmi"]
[SourceDate "2017.12.02"]
[SourceVersion "1"]
[SourceVersionDate "2017.12.16"]
[SourceQuality "1"]

1. d4 Nf6 2. Nf3 e6 3. e3 d5 4. Bd3 b6 5. b3 Bb7 6. Bb2 Bd6 7. Nbd2 Nbd7 8. O-O
O-O 9. c4 Ne4 10. Qe2 Qe7 11. Rac1 a5 12. a4 f5 13. Rfd1 c6 14. Nf1 Rae8 15.
Ng3 Bb8 16. Qc2 Ndf6 17. Ne5 Bxe5 18. dxe5 Ng4 19. Nh1 Qc7 20. Bxe4 fxe4 21.
cxd5 exd5 22. Rxd5 c5 23. Rd6 Nxe5 24. Bxe5 Rxe5 25. Rcd1 Ba6 26. Rd7 Qb8 27.
R1d6 Re7 28. Qc3 Rxd7 29. Rxd7 Rf7 30. Rxf7 Kxf7 31. Ng3 Qd6 32. Qxg7+ Kxg7 33.
Nf5+ Kf6 34. Nxd6 Bd3 35. Nc4 b5 36. Nxa5 c4 37. Nxc4 bxc4 38. bxc4 Bxc4 39. f3
h5 40. h4 Kf5 41. Kf2 Ba6 42. a5 Bb7 43. Kg3 Ba6 44. Kf2 1/2-1/2

[Event "19. Open de la Constitución 2017"]
[Site "San Sebastian de los Reyes ES"]
[Date "2017.12.05"]
[Round "4.2"]
[White "Hernando Pertierra, Jose C"]
[Black "Lianes Garcia, Marcos"]
[Result "1/2-1/2"]
[WhiteElo "2355"]
[BlackElo "2300"]
[PlyCount "91"]
[EventDate "2017.12.02"]
[EventType "swiss"]
[EventRounds "9"]
[EventCountry "ESP"]
[SourceTitle "Ajedrez en Madrid"]
[Source "lmi"]
[SourceDate "2017.12.02"]
[SourceVersion "1"]
[SourceVersionDate "2017.12.16"]
[SourceQuality "1"]

1. Nf3 c5 2. e3 Nf6 3. b3 g6 4. Bb2 Bg7 5. Be2 O-O 6. O-O d5 7. c4 Nc6 8. cxd5
Nxd5 9. Bxg7 Kxg7 10. d4 cxd4 11. Nxd4 Nxd4 12. Qxd4+ Nf6 13. Qe5 Qd6 14. Qxd6
exd6 15. Nc3 d5 16. Rfd1 Be6 17. Bf3 Rfd8 18. Rac1 Rac8 19. h3 h5 20. Nb5 a6
21. Nd4 Kf8 22. b4 Ke7 23. a3 Rxc1 24. Rxc1 Rc8 25. Rxc8 Bxc8 26. h4 Bg4 27.
Kh2 Kd6 28. Kg3 Bxf3 29. gxf3 Nd7 30. f4 Nb6 31. f5 Ke5 32. fxg6 fxg6 33. Nb3
Nc4 34. a4 b6 35. a5 bxa5 36. bxa5 Nd6 37. f4+ Ke4 38. Kf2 Nc4 39. Nc5+ Kf5 40.
Nxa6 Nxa5 41. Nc7 d4 42. Kf3 dxe3 43. Nd5 Nc4 44. Ne7+ Kf6 45. Nd5+ Kf5 46.
Ne7+ 1/2-1/2

[Event "19. Open de la Constitución 2017"]
[Site "San Sebastian de los Reyes ES"]
[Date "2017.12.05"]
[Round "4.3"]
[White "Sosa, Tomas"]
[Black "Pastor Alonso De Prado, Alberto"]
[Result "1/2-1/2"]
[WhiteElo "2460"]
[BlackElo "2166"]
[PlyCount "45"]
[EventDate "2017.12.02"]
[EventType "swiss"]
[EventRounds "9"]
[EventCountry "ESP"]
[SourceTitle "Ajedrez en Madrid"]
[Source "lmi"]
[SourceDate "2017.12.02"]
[SourceVersion "1"]
[SourceVersionDate "2017.12.16"]
[SourceQuality "1"]

1. e4 e5 2. Nf3 Nc6 3. Bc4 Nf6 4. d3 Be7 5. O-O O-O 6. c3 d6 7. Bb3 Na5 8. Bc2
c5 9. Re1 Re8 10. Nbd2 Bf8 11. Nf1 h6 12. Be3 Nc6 13. Ng3 d5 14. Ba4 Qc7 15.
exd5 Nxd5 16. Bd2 Bd7 17. Nh4 Rad8 18. Qf3 Nd4 19. cxd4 Bxa4 20. dxc5 Bc6 21.
Ngf5 Nf4 22. Qg4 h5 23. Qg5 1/2-1/2

[Event "19. Open de la Constitución 2017"]
[Site "San Sebastian de los Reyes ES"]
[Date "2017.12.05"]
[Round "4.4"]
[White "Tarrio Ocaña, Jose Manuel"]
[Black "Suarez Uriel, Adrian"]
[Result "0-1"]
[WhiteElo "1866"]
[BlackElo "2402"]
[PlyCount "88"]
[EventDate "2017.12.02"]
[EventType "swiss"]
[EventRounds "9"]
[EventCountry "ESP"]
[SourceTitle "Ajedrez en Madrid"]
[Source "lmi"]
[SourceDate "2017.12.02"]
[SourceVersion "1"]
[SourceVersionDate "2017.12.16"]
[SourceQuality "1"]

1. e4 d6 2. d4 Nf6 3. Nc3 e5 4. dxe5 dxe5 5. Qxd8+ Kxd8 6. Bg5 Be6 7. O-O-O+
Nbd7 8. Nf3 Kc8 9. Be3 Ng4 10. Re1 Nxe3 11. Rxe3 Bc5 12. Re2 f6 13. a3 c6 14.
b4 Be7 15. Kb2 b5 16. Rd2 a5 17. bxa5 Rxa5 18. Nb1 Kc7 19. Bd3 Rha8 20. Rdd1
Bxa3+ 21. Nxa3 Rxa3 22. Kc1 Nc5 23. Ne1 Ra1+ 24. Kd2 Rxd1+ 25. Kxd1 Nxd3 26.
Nxd3 Ra1+ 27. Nc1 c5 28. Re1 b4 29. Kd2 c4 30. Nd3 Rxe1 31. Nxe1 c3+ 32. Kc1
Bc4 33. g3 Kc6 34. Ng2 Kc5 35. Nh4 Kd4 36. Nf5+ Kxe4 37. Nd6+ Kd5 38. Ne8 Bb5
39. Nxg7 Ke4 40. Nh5 Kf5 41. h3 Kg6 42. g4 Bf1 43. f4 Bxh3 44. fxe5 fxe5 0-1

[Event "19. Open de la Constitución 2017"]
[Site "San Sebastian de los Reyes ES"]
[Date "2017.12.05"]
[Round "4.5"]
[White "Quevedo Marin, Manuel"]
[Black "Cardenas Serrano, Sergio"]
[Result "1-0"]
[WhiteElo "2241"]
[BlackElo "2123"]
[PlyCount "99"]
[EventDate "2017.12.02"]
[EventType "swiss"]
[EventRounds "9"]
[EventCountry "ESP"]
[SourceTitle "Ajedrez en Madrid"]
[Source "lmi"]
[SourceDate "2017.12.02"]
[SourceVersion "1"]
[SourceVersionDate "2017.12.16"]
[SourceQuality "1"]

1. e4 c5 2. Nf3 e6 3. d4 cxd4 4. Nxd4 a6 5. Nc3 Qc7 6. Bd3 Bc5 7. Nb3 Be7 8. f4
d6 9. Qe2 Nd7 10. Be3 b6 11. O-O Bb7 12. Rae1 Ngf6 13. Kh1 h5 14. Bd4 h4 15.
Rf3 e5 16. fxe5 dxe5 17. Bg1 Nh5 18. Be3 Bb4 19. Ref1 Ndf6 20. Nd5 Bxd5 21.
exd5 e4 22. Bf4 Nxf4 23. Rxf4 Bd6 24. Bxe4 Qe7 25. R4f3 Qe5 26. Bd3 Qxe2 27.
Bxe2 b5 28. Nd4 O-O-O 29. a4 Bc5 30. Rc3 Ne4 31. Rd3 Rxd5 32. c3 bxa4 33. Re3
Nf6 34. Bxa6+ Kc7 35. Bc4 Bxd4 36. cxd4 Rxd4 37. Bxf7 Rb8 38. Re2 Kd6 39. Kg1
Rdb4 40. Rd1+ Kc5 41. Rc2+ Kb5 42. Bg6 Ka5 43. Rc5+ R4b5 44. Rxb5+ Rxb5 45. Rd2
Ng4 46. h3 Ne5 47. Be8 Rc5 48. Rd4 Rc4 49. Rd5+ Kb4 50. Rxe5 1-0

[Event "19. Open de la Constitución 2017"]
[Site "San Sebastian de los Reyes ES"]
[Date "2017.12.05"]
[Round "4.7"]
[White "Garcia Prados, David"]
[Black "Perez Gonzalez, Jose Manuel"]
[Result "0-1"]
[WhiteElo "1953"]
[BlackElo "2226"]
[PlyCount "68"]
[EventDate "2017.12.02"]
[EventType "swiss"]
[EventRounds "9"]
[EventCountry "ESP"]
[SourceTitle "Ajedrez en Madrid"]
[Source "lmi"]
[SourceDate "2017.12.02"]
[SourceVersion "1"]
[SourceVersionDate "2017.12.16"]
[SourceQuality "1"]

1. e4 c5 2. Nf3 Nc6 3. d4 cxd4 4. Nxd4 g6 5. Nc3 Bg7 6. Be3 Nf6 7. Bc4 O-O 8.
O-O Nxe4 9. Bxf7+ Rxf7 10. Nxe4 Qa5 11. c3 Qd5 12. Ng5 Rf8 13. Qb3 Qxb3 14.
Nxb3 d6 15. Nf3 Bd7 16. Nbd4 Nxd4 17. Nxd4 b5 18. Bg5 Kf7 19. Rfe1 Rfe8 20. Re3
b4 21. Rae1 e6 22. Rf3+ Kg8 23. Bf6 Bxf6 24. Rxf6 bxc3 25. bxc3 Rab8 26. Nb3
Rf8 27. Rxf8+ Kxf8 28. f3 Ke7 29. Kf2 e5 30. Ke3 Be6 31. Ra1 a6 32. Kd3 Bf5+
33. Kc4 Rb5 34. Rd1 d5+ 0-1

[Event "19. Open de la Constitución 2017"]
[Site "San Sebastian de los Reyes ES"]
[Date "2017.12.05"]
[Round "4.8"]
[White "Lozano Suarez, Luis Miguel"]
[Black "Lozano Freras, Sergio"]
[Result "1-0"]
[WhiteElo "2163"]
[BlackElo "1972"]
[PlyCount "129"]
[EventDate "2017.12.02"]
[EventType "swiss"]
[EventRounds "9"]
[EventCountry "ESP"]
[SourceTitle "Ajedrez en Madrid"]
[Source "lmi"]
[SourceDate "2017.12.02"]
[SourceVersion "1"]
[SourceVersionDate "2017.12.16"]
[SourceQuality "1"]

1. c4 Nf6 2. g3 e6 3. Bg2 d5 4. Nf3 Be7 5. O-O O-O 6. d4 dxc4 7. Qc2 a6 8. Qxc4
b5 9. Qc2 Bb7 10. Bf4 Nc6 11. Rd1 Nb4 12. Qc1 Nbd5 13. Bd2 Nb6 14. Na3 Ne4 15.
Ba5 f6 16. Qc2 Bxa3 17. bxa3 Nc4 18. Bb4 Ned6 19. a4 a5 20. Bc5 Be4 21. Qc1
bxa4 22. Nd2 Nxd2 23. Rxd2 Bxg2 24. Kxg2 Rf7 25. Qc2 Qd7 26. Kg1 Rb8 27. Rb1
Rb5 28. Rdd1 Nb7 29. Ba3 g6 30. Qc4 Nd6 31. Qc2 Kg7 32. e4 Nc8 33. Qd3 c6 34.
Qc2 Qb7 35. Rbc1 Na7 36. Qxa4 Rd7 37. Qc4 e5 38. dxe5 fxe5 39. Bd6 Nc8 40. Qxc6
Nxd6 41. Rxd6 Qxc6 42. Rdxc6 Rd2 43. R1c2 Rb2 44. Rxd2 Rxd2 45. Rc5 Rxa2 46.
Rxe5 Kf6 47. Re8 a4 48. Kg2 a3 49. Ra8 Ke5 50. Kf3 Ra1 51. Ra5+ Kd4 52. Ra4+
Ke5 53. Kg4 a2 54. f4+ Ke6 55. Ra6+ Kf7 56. e5 h6 57. Kh4 Ke7 58. Kg4 Kf7 59.
h3 Ke7 60. h4 Kf7 61. h5 gxh5+ 62. Kf5 Rg1 63. Ra7+ Kf8 64. Rxa2 Rxg3 65. Kf6
1-0

[Event "19. Open de la Constitución 2017"]
[Site "San Sebastian de los Reyes ES"]
[Date "2017.12.05"]
[Round "4.9"]
[White "Perez Cameselle, Francisco Jose"]
[Black "Torres Boch, Jose F"]
[Result "0-1"]
[WhiteElo "1755"]
[BlackElo "2143"]
[PlyCount "72"]
[EventDate "2017.12.02"]
[EventType "swiss"]
[EventRounds "9"]
[EventCountry "ESP"]
[SourceTitle "Ajedrez en Madrid"]
[Source "lmi"]
[SourceDate "2017.12.02"]
[SourceVersion "1"]
[SourceVersionDate "2017.12.16"]
[SourceQuality "1"]

1. e4 c5 2. Nf3 d6 3. d4 cxd4 4. Nxd4 Nf6 5. Nc3 a6 6. Be2 e5 7. Nb3 Be7 8. O-O
O-O 9. a4 Be6 10. Bg5 Nc6 11. Bxf6 Bxf6 12. Nd5 Bg5 13. f4 exf4 14. Nxf4 Qb6+
15. Kh1 Bxb3 16. cxb3 Qe3 17. Nd5 Qxe4 18. Bf3 Qh4 19. Qe1 Qh6 20. Qf2 Ne5 21.
Rad1 Rac8 22. Nc3 Bf4 23. g3 Be3 24. Qg2 Nxf3 25. Qxf3 b5 26. axb5 axb5 27.
Nxb5 Rc2 28. h4 Qe6 29. Qf5 Qxb3 30. Nxd6 Qxb2 31. Qh3 Qa2 32. Rf3 Qa8 33. Rdf1
Rd8 34. Nf5 Rd1 35. g4 Rxf1+ 36. Qxf1 Rc1 0-1

[Event "19. Open de la Constitución 2017"]
[Site "San Sebastian de los Reyes ES"]
[Date "2017.12.05"]
[Round "4.10"]
[White "Rodrigo Yanguas, Maria"]
[Black "Vazquez Gonzalez, Jesus"]
[Result "0-1"]
[WhiteElo "2071"]
[BlackElo "1943"]
[PlyCount "54"]
[EventDate "2017.12.02"]
[EventType "swiss"]
[EventRounds "9"]
[EventCountry "ESP"]
[SourceTitle "Ajedrez en Madrid"]
[Source "lmi"]
[SourceDate "2017.12.02"]
[SourceVersion "1"]
[SourceVersionDate "2017.12.16"]
[SourceQuality "1"]

1. e4 g6 2. d4 Bg7 3. c3 d5 4. e5 c5 5. Bd3 Nc6 6. Ne2 cxd4 7. cxd4 f6 8. f4
Bg4 9. Nbc3 a6 10. Qb3 Bxe2 11. Nxe2 Rb8 12. Bd2 e6 13. Rc1 Nge7 14. O-O O-O
15. Rc5 Kh8 16. Rfc1 fxe5 17. dxe5 Nf5 18. Bxf5 Rxf5 19. Qc3 Bf8 20. Rxc6 bxc6
21. Be3 c5 22. g4 Rf7 23. Qa3 d4 24. Bd2 Qb6 25. f5 d3 26. Ba5 Qa7 27. Kh1 Qb7+
0-1